|
|
|
|
| LEADER |
00000nam0a2200000 4500 |
| 001 |
319185 |
| 005 |
20231102003144.0 |
| 035 |
|
|
|a (RuTPU)RU\TPU\book\344692
|
| 090 |
|
|
|a 319185
|
| 100 |
|
|
|a 20160523d1946 km y0rusy50 ca
|
| 101 |
0 |
|
|a rus
|
| 102 |
|
|
|a RU
|
| 105 |
|
|
|a a z 001zy
|
| 200 |
1 |
|
|a Монгольская Народная Республика
|e физико-географическое описание
|f Э. М. Мурзаев
|g Академия наук СССР, Институт географии
|
| 210 |
|
|
|a Москва
|c ОГИЗ
|d 1948
|
| 215 |
|
|
|a 314 с.
|c ил.
|
| 320 |
|
|
|a Библиогр.: с. 293-303
|
| 320 |
|
|
|9 572
|a Географический указатель: с. 303-313
|
| 606 |
1 |
|
|a Монголия
|x География
|2 stltpush
|3 (RuTPU)RU\TPU\subj\72124
|9 85710
|
| 610 |
1 |
|
|a физическая география
|
| 610 |
1 |
|
|a Монгольская Народная Республика
|
| 610 |
1 |
|
|a климат
|
| 610 |
1 |
|
|a рельеф местности
|
| 610 |
1 |
|
|a реки
|
| 610 |
1 |
|
|a озера
|
| 610 |
1 |
|
|a природа
|
| 675 |
|
|
|a 91(51)
|v 4
|
| 700 |
|
1 |
|a Мурзаев
|b Э. М.
|
| 712 |
0 |
2 |
|a Академия наук СССР
|b Институт географии
|c (Москва)
|c (1936-1991)
|2 stltpush
|3 (RuTPU)RU\TPU\col\11388
|9 25083
|
| 801 |
|
1 |
|a RU
|b 63413507
|c 20160523
|
| 801 |
|
2 |
|a RU
|b 63413507
|c 20200326
|g RCR
|
| 942 |
|
|
|c BK
|